Statistiques concernant Capitales des Amériques sur un itinéraire mystère

Cliquez ici pour prendre le quiz!

Statistiques générales

  • Ce quiz a été pris 398 fois
  • Le résultat moyen est 10 sur 16

Réponses sur la Carte

Les réponses sont colorées sur une échelle allant du rouge au vert en fonction du pourcentage des utilisateurs qui les ont devinées à leur premier essai. Vous pouvez retrouver ces pourcentages ci-dessous.
 

Statistiques - réponses

#Capitale% Correct
DépartOttawa
99%
1Mexico
95%
2Lima
87%
3Bogota
84%
4Panama
81%
5Kingston
73%
6Belmopan
65%
7Washington
65%
8Nassau
63%
9Port-au-Prince
60%
ArrivéeBrasilia
49%
10Caracas
46%
11Port-d'Espagne
41%
12La Paz
39%
13Santiago
39%
14Asuncion
36%

Distribution des résultats

Percentile par nombre de réponses

% des personnes avec chaque résultat

Votre développement - résultats

Vous n’avez pas pris ce quiz